| 000 | 00569nam a2200205Ia 4500 | ||
|---|---|---|---|
| 005 | 20250923145619.0 | ||
| 008 | 008 250917s9999 xx 000 0 eng d | ||
| 037 | _aTextual | ||
| 040 |
_aDSWL _beng _cDSWL |
||
| 041 |
_aeng _2eng |
||
| 084 |
_aY5.2, N83 _qDSWL |
||
| 100 |
_aBeteille, A. _9837183 |
||
| 245 | 4 |
_aThe idea of natural inequality and other essays _c by A.Beteille |
|
| 260 |
_aDelhi _bOxford _c1983 |
||
| 300 | _ax,190 p. | ||
| 365 |
_aINR _b63.50 |
||
| 925 | _g63.50 | ||
| 942 |
_cTEXL _hY5.2, N83 |
||
| 999 |
_c1453478 _d1453478 |
||